000 00313nam a2200109Ia 4500
008 171211s9999 xx 000 0 und d
245 _a150 Masterpieces of Drawing
245 _cAnthony Toney
260 _c1963
650 _xDrawing
856 _uhttp://down.ebook777.com/001/150%20Masterpieces%20of%20Drawing.epub
999 _c348057
_d348057